[Event "Charleroi op 2nd"]
[Site "Charleroi"]
[Date "2003.08.27"]
[Round "6.43"]
[White "Paspont, Jean"]
[Black "Lorand, Bernard"]
[Result "1-0"]
[WhiteElo "1443"]
[BlackElo "1198"]
[PlyCount "33"]
[EventDate "2003.08.23"]
[EventType "swiss"]
[EventRounds "9"]
[EventCountry "BEL"]
[SourceTitle "EXT 2004"]
[Source "ChessBase"]
[SourceDate "2003.11.25"]
[SourceVersion "1"]
[SourceVersionDate "2003.11.25"]
[SourceQuality "1"]

1. e4 e5 2. Nf3 Nf6 3. Nc3 Nc6 4. Bb5 Bc5 5. d3 0-0 6. Bg5 a6 7. Ba4 b5 8. Bb3 h6 9. Bh4 g5 10. Nxg5 hxg5 11. Bxg5 d6 12. Nd5 Bg4 13. f3 Be6 14. Bxf6 Qe8 15. Qd2 Kh7 16. Qg5 Rg8 17. Qh5# 1-0